• 首页
  • 本馆介绍
  • 公告通知
  • 最新文献
  • 馆藏检索
  • 电子资源
  • 读者导购
  • 参考咨询
  • 我的图书馆
  • 登录
  • 详细信息显示
  • 放入我的书架
  • 预约/预借图书
  • 作者相关作品
  • 分类相关作品
  • 丛书相关作品
  • 出版社相关作品

书目信息

  • 表格格式
  • 工作单格式
  • 卡片格式
题名:
电子与波的非线性互作用现象
    
 
作者: 罗埃 , Rowe 著 ;张静波 译
分册:  
出版信息: 北京   科学出版社  1979
页数: 581页
开本: 19cm
丛书名:
单 册:
中图分类: TN12
科图分类:
主题词: 微波管-非线性理论--研究 , 非线性理论-微波管--研究
电子资源:
ISBN:
000 00909nam0 2200289 45
001 0179005992
005 20040520081432.9
010    @dCNY2.25
091    @a15031.224
100    @a19950728d1979 em y0chiy0121 ea
101 1  @achi@ceng
102    @aCN@b110000
105    @ay z 000yy
106    @ar
200 10 @a电子与波的非线性互作用现象@Adian zi yu bo de fei xian xing hu zuo yong xian xiang@f(美)罗埃(J.E.Rowe)著@g张静波等译
210    @a北京@c科学出版社@d1979
215    @a581页@d19cm
300    @a书名原文:Nonlinear electron-wave interaction phenomena
510 1  @aNonlinear electron-wave interaction phenomena@zeng
606    @a微波管-非线性理论@x研究
606    @a非线性理论-微波管@x研究
690    @aTN12@v3 
701  1 @a罗埃@Aluo ai@bJ.E.@4著
701 A1 @aRowe@bJ.E.@4著
702  0 @a张静波@Azhang jing bo@4译
801  0 @aCN@bNLC@c20040520
905    @f4@b161161-164@dTN12@e9
    
    电子与波的非线性互作用现象/(美)罗埃(J.E.Rowe)著/张静波等译.-北京:科学出版社,1979
    581页;19cm
    书名原文:Nonlinear electron-wave interaction phenomena
    
    ISBN :CNY2.25
    
●
相关链接 在E读中查询图书 在五车中查询图书 在当当中查询图书 在豆瓣中查询图书


正题名:电子与波的非线性互作用现象     索取号:TN12/9         预约/预借

序号 登录号 条形码 馆藏地/架位号 状态 备注
1 0161161   001350148   第三借阅区/ [索取号:TN12/9] 在馆    
2 0161162   001350102   密集书库/ [索取号:TN12/9] 在馆    
3 0161163   001350184   密集书库/ [索取号:TN12/9] 在馆    
4 0161164   001350068   密集书库/ [索取号:TN12/9] 在馆    
5 0161165   202105211   第二样本阅览室/ [索取号:TN12/9] 在馆    
唐山师范学院图书馆 欢迎您!
大连网信软件有限公司© 版权所有